000 00454nam a22001577a 4500
005 20231114083600.0
008 231114b |||||||| |||| 00| 0 eng d
041 _aEnglish
082 _a345 LAW
100 _aConradie, L
_lEnglish
245 _aLaw for All /
_cL Conradie
260 _aWindhoek :
_bOut of Africa (Pty) Ltd,
_c2000
300 _b28 pages ;
_c30,5 cm.
650 _aLegal practice
_bLaw
942 _cBK
_6ALISON_BN_VRIES
999 _c610
_d610